Combate [juego] /
Guardado en:
| Formato: | Objeto Físico |
|---|---|
| Publicado: |
Brasil :
Brinquedos Estrela,
[201?]
|
| Materias: | |
| Etiquetas: |
Agregar Etiqueta
Sin Etiquetas, Sea el primero en etiquetar este registro!
|
| LEADER | 00579nrm a22001455g 4500 | ||
|---|---|---|---|
| 001 | CEM.cems019467 | ||
| 008 | 130507b201?##################0###0#####d | ||
| 005 | 20220830185550.0 | ||
| 245 | 0 | 0 | |a Combate [juego] / |c Hasbro |
| 260 | |a Brasil : |b Brinquedos Estrela, |c [201?] | ||
| 300 | |a 1 juego (1 tablero, 40 piezas rojas, 40 azules) ; en caja 43 x 24 x 4 cm. + instrucciones. | ||
| 500 | |a Para 2 jugadores a partir de 8 años objetivo: capturar la bandera adversaria. | ||
| 082 | 0 | 4 | |a J |
| 653 | |a 1. juegos de estrategia de guerra | ||
| 859 | |a CEMS |b BIB. CEMS - Ludoteca |h J |i /93.92 |p 278.11 |t Ej.1 |v H27 |3 H27 | ||
